Software engineering / (Record no. 39555)

MARC details
000 -LEADER
fixed length control field 00668nam a22002057a 4500
005 - DATE AND TIME OF LATEST TRANSACTION
control field 20100805144659.0
010 ## - LCCN (DPL NO)
LC control number ENG-98419
020 ## - INTERNATIONAL STANDARD BOOK NUMBER
Terms of availability 100.00
035 ## - SYSTEM CONTROL NUMBER
System control number EN-81952
037 ## - SOURCE OF ACQUISITION
Source of stock number/acquisition DBAD/PUB
082 ## - DEWEY DECIMAL CLASSIFICATION NUMBER
Classification number 005.1
100 ## - MAIN ENTRY--PERSONAL NAME
Personal name Indragandhi, A.
245 ## - TITLE STATEMENT
Title Software engineering /
Statement of responsibility, etc by A. Indragandhi
260 ## - PUBLICATION, DISTRIBUTION, ETC. (IMPRINT)
Place of publication, distribution, etc Perambalur
Name of publisher, distributor, etc Merucury Printers
Date of publication, distribution, etc 2008
270 ## - ADDRESS
Address Merucury Printers
City Perambalur
Postal code 621212
Telephone number 04328-276458
300 ## - PHYSICAL DESCRIPTION
Extent 141 p.
Other physical details 22cm (Pbk)
700 ## - ADDED ENTRY--PERSONAL NAME
9 (RLIN) 6809
942 ## - ADDED ENTRY ELEMENTS (KOHA)
Source of classification or shelving scheme Dewey Decimal Classification
Item type English Books
Classification part 005.1
Call number suffix IND
Holdings
Withdrawn status Lost status Not for loan Collection code Home library Current library Date acquired Cost, normal purchase price Full call number Barcode Copy number Cost, replacement price Koha item type
    Not For Loan Non-fiction D.B.Act.Division D.B.Act.Division 05/08/2010 100.00 005.1 IND EN-81952 1 100.00 English Books

© Delhi Public Library
Hit Counter
free hit counter